Linia autobusowa nr 140 Warszawa-Marki Strefa 1 - Statystyki

Ogólne statystyki
  • Ten quiz został rozwiązany 44 razy
  • Średni wynik to 18 z 25
Statystyki odpowiedzi
Dzielnica Warszawy/Miasto Kolejność przystanków Nazwa przystanku % Poprawnych
Targówek 1. Metro Trocka
93%
Targówek 2. Metro Trocka
93%
Targówek 7. Młodzieńcza
90%
Marki 25. Czarna Struga
86%
Marki 19. Pustelnik
83%
Marki 14. Szkolna
83%
Marki 15. Fabryczna
79%
Marki 12. Wiejska
79%
Ząbki 11. Wolności
79%
Targówek 8. Krynoliny
76%
Marki 16. Marki-Ratusz
76%
Marki 23. Struga
76%
Marki 13. Szpitalna
76%
Targówek 3. Bieżuńska
72%
Targówek 10. Radzymińska
72%
Targówek 9. Bystra
69%
Targówek 4. Jórskiego
69%
Targówek 5. Kościeliska
69%
Marki 17. Słoneczna
69%
Targówek 6. Tużycka
66%
Marki 20. Hallera
59%
Marki 18. Wspólna
55%
Marki 21. Graniczna
52%
Marki 24. Legionowa
45%
Marki 22. Wenecka
41%
Nie znaleziono quizów pasujących do podanych kryteriów
Rozkład punktacji
Procent ludzi z każdym wynikiem
Percentyl według liczby udzielonych odpowiedzi
Twoja historia wyników
Nie rozwiązałeś tego quizu